00783nam a2200205 i 450000100060000000300090000600500170001500700030003200800410003510000300007624500920010626000490019830000220024749000230026965100830029283000310037585200320040699900170043895201220045526624ES-MaACL20250730153543.0t|030109s1964 sp ||||1| spa d1 aArranz Velarde, F.92322713aEl oro de tierra firme b: (según las crónicas del siglo XVI) /cF. Arranz Velarde. aMadrid : b[s.n.], c1964 (fImp. Góngora) a246 p. ; c18 cm.1 aViajes y aventuras 4aAmérica española-xHistoria-y1492-1600 (Descubrimiento y conquista)977240 aViajes y aventuras9187087 aES-MaACLjC-26958 bR.54776 c26624d26624 00104070aATENEOMbATENEOMcDEPO2d2008-01-17eSCl0oC-26958p1027475r2023-02-23 00:00:00w2023-02-23yMONOGRAFIA